Word Ladder: Paper Covers Rock Quiz Stats

Quiz Updated Oct 27, 2014

Challenge
Share
Tweet
Embed
Score 0/39 Timer 04:00
1 Play Today
Hint 4-Letter Word % Correct
'Little ____ Sunshine'MISS
98.2%
Opposite of badGOOD
96.8%
Small droplets of water in the airMIST
96.4%
A type of Olympic medalGOLD
96.3%
SNL funny man FerrellWILL
96.2%
Respiratory organ on the side of a fishGILL
95.8%
Gene Simmons' rock bandKISS
95.3%
Price paid for riding in a taxiFARE
93.4%
IdenticalSAME
93%
In the near futureSOON
92.6%
Deep hole for drawing waterWELL
91.4%
Black powdery fire residueSOOT
90.9%
How a lemon tastesSOUR
90.7%
Travel forward (2 words)GO ON
89.9%
Give something a valued appearanceGILD
89.5%
'For Whom the ___ Tolls'BELL
89.4%
Great renown, celebrityFAME
89.4%
To arrange into groupsSORT
89%
Close byNEAR
88.3%
Fly high through the airSOAR
87.8%
Hint 4-Letter Word % Correct
Painful to the touchSORE
87.6%
Orderly and tidyNEAT
87%
To rip apartTEAR
86.9%
An unspecified numberSOME
86.2%
Send words with a phoneTEXT
85.9%
Immediately afterNEXT
84.8%
To become limpWILT
84.8%
Cow's nippleTEAT
84.6%
To burn or scorch the surfaceSEAR
84.3%
Archaic form of the word 'know'WIST
82.2%
Earth's orbital timeYEAR
81%
Lightning strikeBOLT
80.6%
Ceiling supporterWALL
79.6%
Type of beetle; ____ weevilBOLL
78.9%
To journey or visit TOUR
76.7%
A boxing matchBOUT
75.1%
Manufactured item for saleWARE
73.9%
To promote a thing's good pointsTOUT
69.4%
Narrow raised surfaceWALE
68.3%

Today's Daily Dose

You're not logged in!

Compare scores with friends on all Sporcle quizzes.
Join for Free
OR
Log In

You Might Also Like...

Show Comments

Extras

Top Quizzes Today


Score Distribution

Your Account Isn't Verified!

In order to create a playlist on Sporcle, you need to verify the email address you used during registration. Go to your Sporcle Settings to finish the process.

Report this User

Report this user for behavior that violates our Community Guidelines.

Details: